00890naa#a2200181#i#4500001002200000005001700022011001400039100004100053102000700094200024000101210016900341215001000510608004500520675006600565700003400631700002800665856001500693RU\INFRA-M\bibl\4215320260415171912.3##a2587-9111##a20210301b2021####ek#y0rusy0150####ca##aRU1#aМодель управления региональным угольно-энергетическим кластером на примере Кемеровской области — КузбассаeЖурнальная статья1#aМоскваcОбщество с ограниченной ответственностью «Научно-издательский центр ИНФРА-М»d2021##a4 с.##aЖурнальная статья2local##aЭкономика. Экономические науки. 33#1aКудреватыхgН. В.#1aФроловаgК. О.4#anaukaru.ru